Cơ kĩ thuật
Gardado en:
| Autor Principal: | |
|---|---|
| Formato: | Libro |
| Idioma: | Undetermined |
| Publicado: |
Hà Nội
ĐH và THCN
1982
|
| Những chủ đề: | |
| Các nhãn: |
Engadir etiqueta
Sen Etiquetas, Sexa o primeiro en etiquetar este rexistro!
|
| Thư viện lưu trữ: | Trung tâm Học liệu Trường Đại học Cần Thơ |
|---|
| LEADER | 00487nam a2200169Ia 4500 | ||
|---|---|---|---|
| 001 | CTU_17670 | ||
| 008 | 210402s9999 xx 000 0 und d | ||
| 082 | |a 620.1 | ||
| 082 | |b Nh120 | ||
| 100 | |a Nguyễn Văn Nhậm | ||
| 245 | 0 | |a Cơ kĩ thuật | |
| 245 | 0 | |c Nguyễn Văn Nhậm, Vũ Duy Thiện | |
| 260 | |a Hà Nội | ||
| 260 | |b ĐH và THCN | ||
| 260 | |c 1982 | ||
| 650 | |a mechanical engineering | ||
| 980 | |a Trung tâm Học liệu Trường Đại học Cần Thơ | ||